Ấn Độ trên đường trở thành siêu cường kinh tế /
Guardat en:
| Autor principal: | |
|---|---|
| Format: | Article |
| Idioma: | Vietnamese |
| Matèries: | |
| Etiquetes: |
Afegir etiqueta
Sense etiquetes, Sigues el primer a etiquetar aquest registre!
|
| Thư viện lưu trữ: | Thư viện Trường Đại học Đà Lạt |
|---|
| LEADER | 00770nam a2200265 4500 | ||
|---|---|---|---|
| 001 | DLU110119985 | ||
| 005 | ##20110419 | ||
| 040 | # | # | |a DLU |b vie |
| 041 | # | # | |a vie |
| 044 | # | # | |a vn |
| 100 | # | # | |a Nguyễn Xuân. |
| 245 | # | # | |a Ấn Độ trên đường trở thành siêu cường kinh tế / |c Nguyễn Xuân. |
| 653 | # | # | |a Khung hoảng kinh tế |
| 653 | # | # | |a Năng lượng |
| 653 | # | # | |a Tăng trưởng kinh tế |
| 773 | # | # | |t Con số và sự kiện |g Số 10, 2008, tr. 29-30 |
| 920 | # | # | |a Phòng Tạp chí -- Trung tâm Thông tin - Thư viện Trường Đại học Đà Lạt |
| 994 | # | # | |a DLU |
| 900 | # | # | |a True |
| 911 | # | # | |a Nguyễn Thị Linh Chi |
| 925 | # | # | |a G |
| 926 | # | # | |a A |
| 927 | # | # | |a BB |
| 980 | # | # | |a Thư viện Trường Đại học Đà Lạt |